>Responses for Show #9123 - Wednesday, June 12, 2024>h1>

>Adriana Harmeyer game 11.

Contestants

>[&lt;< previous game]

> href="showplayer.php?player_id=17590" rel="external">Enzo Cunanan>, a student from Orlando, Florida

> href="showplayer.php?player_id=17591" rel="external">Connor Townsend>, an attorney from Chelsea, Michigan

> href="showplayer.php?player_id=17571" rel="external">Adriana Harmeyer>, an archivist from West Lafayette, Indiana (whose 10-day cash winnings total $225,700)

>[next game >>]

Jeopardy! Round responses

ble class="round"> <tr>
>THE PHOTOGRAPHS OF MATHEW BRADY>tr> <tr>>td>tr> able> <tr>
>NATURE>tr> <tr>>td>tr> able> <tr>
>REGIONAL FOOD>tr> <tr>>td>tr> able> <tr>
>YOU'LL NEED SOME PROTECTION>tr> <tr>>td>tr> able> <tr>
>NAME THE DISNEY PRINCESS>tr> <tr>>td>tr> able> <tr> </tr> <tr> </tr> <tr> </tr> <tr> </tr> <tr> </tr> <tr> </tr> <tr> </tr> <tr> </tr> <tr> </tr> <tr> </tr> <tr> </tr> <tr> </tr> <tr> </tr> <tr> </tr> <tr> </tr> <tr> </tr> <tr> </tr> <tr> </tr> <tr> </tr> <tr> </tr> <tr> </tr> <tr> </tr> <tr> </tr> <tr> </tr> <tr> </tr> <tr> </tr> <tr> </tr> <tr> </tr> <tr> </tr> <tr> </tr> <tr> </tr> <tr> </tr> <tr> </tr> <tr> </tr> <tr> </tr> <tr> </tr> able> >Scores at the first commercial break (after clue 15):
>"D" FACTO>tr> <tr>>td>tr> able> <tr> <td>
>&#160;   >$200 > href="suggestcorrection.php?clue_id=524042" title="Suggest a correction for this clue" rel="nofollow">1>td>
>m class="correct_response">Robert E. Lee>r />
>able width="100%">>d class="right">Adriana>tr>>td> </tr> able>
<tr> <td>
>&#160;   >$200 > href="suggestcorrection.php?clue_id=524064" title="Suggest a correction for this clue" rel="nofollow">30>td>
>m class="correct_response">anteater>r />
>able width="100%">>d class="right">Adriana>tr>>td> </tr> able>
<tr> <td>
>&#160;   >$200 > href="suggestcorrection.php?clue_id=524066" title="Suggest a correction for this clue" rel="nofollow">24>td>
>m class="correct_response">Nashville>r />
>able width="100%">>d class="right">Connor>tr>>td> </tr> able>
<tr> <td>
>&#160;   >$200 > href="suggestcorrection.php?clue_id=524068" title="Suggest a correction for this clue" rel="nofollow">26>td>
>m class="correct_response">Witness Protection>r />
>able width="100%">>d class="right">Adriana>tr>>td> </tr> able>
<tr> <td>
>&#160;   >$200 > href="suggestcorrection.php?clue_id=524051" title="Suggest a correction for this clue" rel="nofollow">15>td>
(Ken: No more Disney princesses, I'm afraid; so in mourning, we'll take a short break.)
>r />m class="correct_response">Rapunzel>r />
>able width="100%">>d class="right">Adriana>tr>>td> </tr> able>
<tr> <td>
>&#160;   >$200 > href="suggestcorrection.php?clue_id=524060" title="Suggest a correction for this clue" rel="nofollow">19>td>
>(Ken: [Lisps] [*], yes.)
[Laughter]
>r />despicable>r />
>able width="100%">>d class="right">Connor>tr>>td> </tr> able>
<tr> <td>
>&#160;   $400 2>td>
Clara Barton>r />
>able width="100%">>d class="right">Adriana>tr>>td> </tr> able>
<tr> <td>
>&#160;   $400 25>td>
ring-tailed>r />
>able width="100%">>d class="right">Adriana>tr>>td> </tr> able>
<tr> <td>
>&#160;   $400 23>td>
Chicago>r />
>able width="100%">>d class="right">Connor>tr>>td> </tr> able>
<tr> <td>
>&#160;   $400 27>td>
shin guards>r />
>able width="100%">r>d class="right">Enzo>tr>>td> </tr> able>
<tr> <td>
>&#160;   $400 11>td>
Pocahontas>r />
>able width="100%">r>d class="right">Enzo>tr>>td> </tr> able>
<tr> <td>
>&#160;   $400 16>td>
a déluge>r />
>able width="100%">>d class="right">Adriana>tr>>td> </tr> able>
<tr> <td>
>&#160;   $600 3>td>
Maximilian>r />
>able width="100%">>d class="right">Adriana>tr>>td> </tr> able>
<tr> <td>
>&#160;   $1,200 6>td>
(Ken: Enzo?)
>(Enzo: No.)
(Ken: Nothing?)
>(Enzo: No.)
(Ken: The path of [*] what they call where you can see the total solar eclipse.)
>r />totality>r />
>able width="100%">r>
Enzo>tr>>td> </tr> able> <tr> <td>
>&#160;   $600 20>td>
shrimp & grits>r />
>able width="100%">>d class="right">Connor>tr>>td> </tr> able>
<tr> <td>
>&#160;   $600 28>td>
Buzz Lightyear>r />
>able width="100%">>d class="right">Connor>tr>>td> </tr> able>
<tr> <td>
>&#160;   $600 7>td>
Moana>r />
>able width="100%">>d class="right">Adriana>tr>>td> </tr> able>
<tr> <td>
>&#160;   $600 9>td>
dry dock>r />
>able width="100%">>d class="right">Adriana>tr>>td> </tr> able>
<tr> <td>
>&#160;   $800 4>td>
Matthew Perry>r />
>able width="100%">r>d class="right">Enzo>tr>>td> </tr> able>
<tr> <td>
>&#160;   $800 13>td>
Mount Etna>r />
>able width="100%">r>d class="right">Enzo>tr>>td> </tr> able>
<tr> <td>
>&#160;   $800 21>td>
scrapple>r />
>able width="100%">>d class="right">Connor>tr>>td> </tr> able>
<tr> <td>
>&#160;   $800 12>td>
(Connor: What's flammable?)
>...
(Ken: Very important in a fire>--the [*] sign.)
>r />exit>r />
>able width="100%">r>d class="wrong">Connor>tr>table>>r>
Triple Stumper>tr>>td> </tr> able> <tr> <td>
>&#160;   $800 8>td>
(Ken: In >The Princess and the Frog, right.)
>r />Tiana>r />
>able width="100%">r>d class="right">Enzo>tr>>td> </tr> able>
<tr> <td>
>&#160;   $800 17>td>
dabble>r />
>able width="100%">>d class="right">Adriana>tr>>td> </tr> able>
<tr> <td>
>&#160;   $1000 5>td>
Horace Greeley>r />
>able width="100%">r>d class="right">Enzo>tr>>td> </tr> able>
<tr> <td>
>&#160;   $1000 14>td>
almonds>r />r />>r>Triple Stumper>tr>>td> </tr> able> <tr> <td>
>&#160;   $1000 22>td>
burnt ends>r />
>able width="100%">>d class="right">Adriana>tr>>td> </tr> able>
<tr> <td>
>&#160;   $1000 29>td>
RFK>r />
>able width="100%">r>d class="right">Enzo>tr>>td> </tr> able>
<tr> <td>
>&#160;   $1000 10>td>
(Ken: From >Brave, very good.)
>r />Merida>r />
>able width="100%">>d class="right">Adriana>tr>>td> </tr> able>
<tr> <td>
>&#160;   $1000 18>td>
declarative>r />
>able width="100%">>d class="right">Adriana>tr>>td> </tr> able>
>Adriana >Connor >Enzo
>$3,600 >-$800 >$2,600
>Scores at the end of the Jeopardy! Round:
>Adriana >Connor >Enzo
>$7,600 >$2,000 >$4,000
>Double Jeopardy! Round responses ble class="round">
<tr>d class="category_name">RIVERS OF EUROPE>tr> <tr>
>td>tr> able> <tr>d class="category_name">DREAMY SHAKESPEARE QUOTES>tr> <tr>
>td>tr> able> <tr>d class="category_name">DON'T WANT TO FIGHT>tr> <tr>
>td>tr> able> <tr>d class="category_name">GEMSTONES>tr> <tr>
>td>tr> able> <tr>d class="category_name">NUMERICALLY NAMED MUSICIANS & BANDS>tr> <tr>
>td>tr> able> <tr>d class="category_name">VOWEL SWITCHEROO>tr> <tr>d class="category_comments">(Ken: You'll need to give me two words in which vowels switch places.)>tr> able> </tr> <tr> </tr> <tr> </tr> <tr> </tr> <tr> </tr> <tr> </tr> <tr> </tr> <tr> </tr> <tr> </tr> <tr> </tr> <tr> </tr> <tr> </tr> <tr> </tr> <tr> </tr> <tr> </tr> <tr> </tr> <tr> </tr> <tr> </tr> <tr> </tr> <tr> </tr> <tr> </tr> <tr> </tr> <tr> </tr> <tr> </tr> <tr> </tr> <tr> </tr> <tr> </tr> <tr> </tr> <tr> </tr> <tr> </tr> <tr> </tr> <tr> </tr> <tr> </tr> <tr> </tr> <tr> </tr> <tr> </tr> able> >Scores at the end of the Double Jeopardy! Round:
<tr> <td>
>&#160;   $400 20>td>
Amstel>r />
>able width="100%">>d class="right">Adriana>tr>>td> </tr> able>
<tr> <td>
>&#160;   $400 14>td>
the Weird Sisters>r />
>able width="100%">r>d class="right">Enzo>tr>>td> </tr> able>
<tr> <td>
>&#160;   $400 19>td>
a duel>r />
>able width="100%">>d class="right">Connor>tr>>td> </tr> able>
<tr> <td>
>&#160;   $400 12>td>
a diamond>r />
>able width="100%">>d class="right">Adriana>tr>>td> </tr> able>
<tr> <td>
>&#160;   $400 5>td>
Maroon 5>r />
>able width="100%">r>d class="right">Enzo>tr>>td> </tr> able>
<tr> <td>
>&#160;   $400 10>td>
panel & penal>r />r />>r>Triple Stumper>tr>>td> </tr> able> <tr> <td>
>&#160;   $800 21>td>
Dublin>r />
>able width="100%">>d class="right">Adriana>tr>>td> </tr> able>
<tr> <td>
>&#160;   $800 9>td>
Othello>r />
>able width="100%">>d class="right">Adriana>tr>>td> </tr> able>
<tr> <td>
>&#160;   $800 30>td>
giants>r />
>able width="100%">r>d class="right">Enzo>tr>>td> </tr> able>
<tr> <td>
>&#160;   $800 13>td>
an emerald>r />
>able width="100%">r>d class="right">Enzo>tr>>td> </tr> able>
<tr> <td>
>&#160;   $800 1>td>
2 Chainz>r />
>able width="100%">>d class="right">Connor>tr>>td> </tr> able>
<tr> <td>
>&#160;   $800 11>td>
caller & cellar>r />r />>r>Triple Stumper>tr>>td> </tr> able> <tr> <td>
>&#160;   $1200 15>td>
(Enzo: What is the Rhône?)
>r />the Loire>r />
>able width="100%">>d class="right">Adriana
Enzo>tr>>td> </tr> able> <tr> <td>
>&#160;   $4,000 8>td>
Richard III>r />
>able width="100%">r>d class="right">Enzo>tr>>td> </tr> able>
<tr> <td>
>&#160;   $1200 29>td>
Ferdinand>r />
>able width="100%">>d class="right">Adriana>tr>>td> </tr> able>
<tr> <td>
>&#160;   $1200 24>td>
a ruby>r />
>able width="100%">r>d class="right">Enzo>tr>>td> </tr> able>
<tr> <td>
>&#160;   $1200 2>td>
(Enzo: Who is Blink-182?)
>r />Matchbox Twenty>r />
>able width="100%">>d class="right">Connor
Enzo>tr>>td> </tr> able> <tr> <td>
>&#160;   $1200 16>td>
rebus & rubes>r />
>able width="100%">>d class="right">Adriana>tr>>td> </tr> able>
<tr> <td>
>&#160;   $1,000 22>td>
the Main>r />
>able width="100%">>d class="right">Adriana>tr>>td> </tr> able>
<tr> <td>
>&#160;   $1600 7>td>
Prospero>r />
>able width="100%">r>d class="right">Enzo>tr>>td> </tr> able>
<tr> <td>
>&#160;   $1600 25>td>
John D. Rockefeller>r />
>able width="100%">r>d class="right">Enzo>tr>>td> </tr> able>
<tr> <td>
>&#160;   $1600 27>td>
Lake Superior>r />
>able width="100%">>d class="right">Connor>tr>>td> </tr> able>
<tr> <td>
>&#160;   $1600 3>td>
21 Savage>r />
>able width="100%">>d class="right">Connor>tr>>td> </tr> able>
<tr> <td>
>&#160;   $1600 17>td>
>>Rope & repo>r />r />>r>Triple Stumper>tr>>td> </tr> able> <tr> <td>
>&#160;   $2000 23>td>
[No applause for Adriana's run of the category]
>r />the Dnieper>r />
>able width="100%">>d class="right">Adriana>tr>>td> </tr> able>
<tr> <td>
>&#160;   $2000 6>td>
Bottom>r />
>able width="100%">r>d class="right">Enzo>tr>>td> </tr> able>
<tr> <td>
>&#160;   $2000 26>td>
aikido>r />
>able width="100%">>d class="right">Adriana>tr>>td> </tr> able>
<tr> <td>
>&#160;   $2000 28>td>
Brazil>r />
>able width="100%">r>d class="right">Enzo>tr>>td> </tr> able>
<tr> <td>
>&#160;   $2000 4>td>
Three Dog Night>r />
>able width="100%">>d class="right">Connor>tr>>td> </tr> able>
<tr> <td>
>&#160;   $2000 18>td>
cesta & caste>r />
>able width="100%">>d class="right">Adriana>tr>>td> </tr> able>
>Adriana >Connor >Enzo
>$20,600 >$9,600 >$16,400
>td> >td> >td>
> href="wageringcalculator.php?a=20600&b=16400&c=9600&player_a=Adriana&player_b=Enzo&player_c=Connor">[wagering suggestions for these scores]

>Final Jeopardy! Round responses
</tr> <tr>
>FAMOUS NAMES
>td>tr> </table> <tr> <td class="clue_text">(Ken: [To Connor] Thinking of Mount Rushmore, I guess?)
>[Connor nods.]
...
(Ken: [To Enzo] To outdo Eiffel, [*] built that big wheel at the 1893 Chicago Expo, the famous [*] wheel.)>r> able>

Final scores:

>Connor>d rowspan="2" valign="top">Who is Borglum?>tr>r>d>$2,600>tr>r>>Enzo>d rowspan="2" valign="top">Who is Ferris?>tr>r>d>$15,000>tr>>d class="right">Adriana>d rowspan="2" valign="top">Who is Ferris?>tr>r>d>$12,400>tr>table>m class="correct_response">(George) Ferris>td> </tr> able>
>Adriana >Connor >Enzo
$33,000 $7,000 $31,400
11-day champion: $258,700 3rd place: $2,000 2nd place: $3,000

Game dynamics:

> href="help.php#coryatscore">Coryat scores>:</h3>
>Adriana >Connor >Enzo
>$21,200 >$9,600 >$14,800
>25 R
(including 1 DD),
>0 W
>12 R,
1 W
17 R
>(including 1 DD),
3 W
>(including 1 DD)
> href="help.php#combinedcoryat">Combined Coryat>: $45,600 > href="showgame.php?game_id=8966&highlight=..." rel="external">[game clues]> <a href="showscores.php?game_id=8966&highlight=..." rel="external">[game scores]> <a href="suggestcorrection.php?game_id=8966" rel="nofollow">[suggest correction]>h4>
>Game tape date: 2024-05-07
The J! Archive is created by fans, for fans. Scraping, republication, monetization, and malicious use prohibited; this site may use cookies and collect identifying information. See terms. The Jeopardy! game show and all elements thereof, including but not limited to copyright and trademark thereto, are the property of Jeopardy Productions, Inc. and are protected under law. This website is not affiliated with, sponsored by, or operated by Jeopardy Productions, Inc. Join the discussion at JBoard.tv.